书目信息 |
| 题名: |
回忆列宁
|
|
| 作者: | ;上海外国语学院列宁著作翻译研究室 译 | |
| 分册: | 第一卷 | |
| 出版信息: | 北京 人民出版社 1982.08 |
|
| 页数: | 771 | |
| 开本: | 21cm | |
| 丛书名: | ||
| 单 册: | ||
| 中图分类: | A732 | |
| 科图分类: | ||
| 主题词: | 列宁,V.I.--生平事迹--回忆录 , 列宁,V.I.--传记 | |
| 电子资源: | ||
| ISBN: | ||
| 000 | 00732nam0 2200217 45 | |
| 001 | 0181023684 | |
| 005 | 20060812090806.76 | |
| 010 | @dCNY2.45 | |
| 091 | @a11001.429 | |
| 100 | @a20810111d km y0chiy0120 ea | |
| 101 | 0 | @achi |
| 200 | 1 | @a回忆列宁@AHUI YI LIE NING@e亲属忆列宁@EQin Shu Yi Lie Ning@h第一卷@f上海外国语学院列宁著作翻译研究室译@FShang Hai Wai Guo Yu Xue Yuan Lie NingZhu Zuo Fan Yi Yan Jiu Shi Yi |
| 210 | @a北京@c人民出版社@d1982.08 | |
| 215 | @a771@d21cm | |
| 517 | @a亲属忆列宁@AQin Shu Yi Lie Ning | |
| 606 | 0 | @a列宁,V.I.@x生平事迹@x回忆录 |
| 606 | 0 | @a列宁,V.I.@x传记 |
| 690 | @aA732@v3 | |
| 711 | 02 | @a上海外国语学院列宁著作翻译研究室@4译 |
| 801 | @aCN@bTSTC@c20060812 | |
| 905 | @dA732@e14:1@f1@b104595 | |
| 回忆列宁:亲属忆列宁.第一卷/上海外国语学院列宁著作翻译研究室译.-北京:人民出版社,1982.08 |
| 771;21cm |
| ISBN :CNY2.45 |
| ● |
| 相关链接 |
|
|
|
|
正题名:回忆列宁
索取号:A732/14:1
 
预约/预借
| 序号 | 登录号 | 条形码 | 馆藏地/架位号 | 状态 | 备注 |
| 1 | 0104591 | 001860604 | 密集书库/ [索取号:A732/14:1] | 在馆 | |
| 2 | 0104592 | 001857921 | 密集书库/ [索取号:A732/14:1] | 在馆 | |
| 3 | 0104593 | 001860640 | 密集书库/ [索取号:A732/14:1] | 在馆 | |
| 4 | 0104594 | 001860686 | 密集书库/ [索取号:A732/14:1] | 在馆 | |
| 5 | 0104595 | 000953926 | 第一样本阅览室/ [索取号:A732/14:1] | 在馆 | |
| 6 | 0435102 | 204351021 | 密集书库/ [索取号:A732/14:1] | 在馆 | |
| 7 | 0435103 | 204351030 | 密集书库/ [索取号:A732/14:1] | 在馆 | |
| 8 | 0448931 | 204489311 | 密集书库/ [索取号:A732/14:1] | 在馆 |